Normal view
MARC view
Entry Personal Name
001 - CONTROL NUMBER
- control field: 52298
003 - CONTROL NUMBER IDENTIFIER
- control field: ARRUPE
005 - DATE AND TIME OF LATEST TRANSACTION
- control field: 20230331123629.0
008 - FIXED-LENGTH DATA ELEMENTS
- fixed length control field: 230331|| aca||aabn | a|a d
040 ## - CATALOGING SOURCE
- Original cataloging agency: ARRUPE
- Transcribing agency: ARRUPE
100 ## - HEADING--PERSONAL NAME
- Personal name: Sinclair, Mark
670 ## - SOURCE DATA FOUND
- Source citation: Work cat.: (ARRUPE)131729: Sinclair, Mark, Bergson;, 2019.